LEADER 00960naa a2200181 i 4500 001 000000307733 003 CaOOAMICUS 005 20180831172922.0 008 180831n it u000 u ita u 013 $a16580 040 $aSeMil$bita 100 1 $aBonifazi, Duilio.$0(OLS)http://semarc/name/28865 245 12$aL'universalità della salvezza e la mediazione sacramentale della chiesa dal concilio ad oggi. 650 4$aConcilio Vaticano II <1962-1965> - Studi.$0(OLS)http://semarc/subject/1167 650 4$aUniversalità - Salvezza.$0(OLS)http://semarc/subject/40630 650 4$aMediazione sacramentale.$0(OLS)http://semarc/subject/43695 773 0 $tUniversalità della salvezza e mediazione sacramentale.$dAssisi : Cittadella, 2010.$kGestis verbisque / Istituto Teologico Marchigiano$z978-88-308-1025-9$gp.45-84$w()187013 996 $6245$aL'universalità della salvezza e la mediazione sacramentale della chiesa dal concilio ad oggi$9(OLS)http://semarc/title/383054 LEADER 01411nam a2200265 i 4500 001 000000181759 003 CaOOAMICUS 005 20090921000000.0 008 090921s1960 it u000 u ara u 013 $a159664 040 $aSeMil$bita 100 1 $aCheikho, Louis.$0(OLS)http://semarc/name/5386 245 10$aTextus series tertia, tomus 7. :$bPars Posterior : Accedunt Annales Yahia Ibn Said Antiochensis /$cConjuncta opera ediderunt L. Cheikho ; B. Carra de Vaux ; H. Zayyat. 300 $a1 v. 490 0 $aCorpus Scriptorum Christianorum Orientalium ;$v51. Scriptores Arabici ; 7 490 0 $aCorpus Scriptorum Christianorum Orientalium. Scriptores Arabici ;$vTomus7 700 1 $aZayyat, H.$0(OLS)http://semarc/name/67071 700 1 $aCarra de Vaux, B.$0(OLS)http://semarc/name/67070 773 0 $tEutychii patriarchae alexandrini.$dLouvain : CorpusSCO, [196?]$g2$w()22040 830 0$aCorpus Scriptorum Christianorum Orientalium ;$v51. Scriptores Arabici ; 7.$0(OLS)http://semarc/title/77 830 0$aCorpus Scriptorum Christianorum Orientalium. Scriptores Arabici ;$vTomus7.$0(OLS)http://semarc/title/29265 850 $aSeMil 852 $aSeMil$W1$xVenegono$y1$m2S III 51$j132463$B132463$CSeMilBibl$Z2$F144319 $81 961 $aOmaggio: Altro 996 $6245$aTextus series tertia, tomus 7. :$bPars Posterior : Accedunt Annales Yahia Ibn Said Antiochensis$9(OLS)http://semarc/title/260861